00629cam a22002171 4500001001300000003000400013005001700017008004100034010001700075035002000092040004100112042001200153050001600165100002300181245004800204260004400252300001800296651006400314650001800378999001500396af 48003639 DLC20260227110903.0890605s1946 ne 000 0 dut c aaf 48003639  a(OCoLC)19819425 aCalifornia. Univ. Libr.cCUdCUdDLC apremarc00aPT5484b.Z41 aZeeuw, P. de,eed.10aLeed en lied,bkeur uit de verzetspoëzie. aAmsterdam,bH.A. van Bottenburg,c1946. a71 p.c21 cm. 0aNetherlandsxHistoryyGerman occupation, 1940-1945vPoetry. 0aDutch poetry. c5693d5693